000 00536nam a22002177a 4500
003 UA-OsUOA
001 68246
007 ta
008 20100413b un ||||| |||| 00| 0 ukr d
100 _aЯручик Ю.
090 _a908
_bЯ78
942 _cSA
040 _aUA-OsUOA
_bukr
_cUA-OsUOA
_dUA-OsUOA
245 _aВ Острозькій академії проходили дні театру
300 _aС.5
955 _a0
041 _aukr
080 _a908
773 0 _w68245
650 7 _a908 Краєзнавство
_2UDC
999 _c354439
_d354439